[Event "DEM U10/U10w 2003"]
[Site "Willingen GER"]
[Date "2003.06.12"]
[Round "8"]
[White "Osmanodja, Filiz"]
[Black "Weber, Raphael"]
[Result "1/2-1/2"]
[Termination "normal"]
[Board "11"]
[WhiteElo "1051"]
[BlackElo "1250"]
[PlyCount "96"]
[WhiteFideId "24633569"]
[BlackFideId "24644110"]
[EventCountry "GER"]
[EventRounds "11"]
[EventType "swiss"]
[EventDate "2003.06.07"]

1. e4 e5 2. Nf3 Nc6 3. Bb5 a6 4. Ba4 Nf6 5. O-O Be7 6. Re1 b5 7. Bb3 O-O 8. c3
d5 9. exd5 Nxd5 10. Nxe5 Nxe5 11. Rxe5 Nf6 12. d4 Bd6 13. Re1 Ng4 14. h3 Qh4
15. hxg4 Qh2+ 16. Kf1 Qh1+ 17. Ke2 Bxg4+ 18. f3 Qxg2+ 19. Kd3 Bf5+ 20. Re4
Bxe4+ 21. fxe4 Qg3+ 22. Kc2 Qg2+ 23. Nd2 Qh2 24. e5 Be7 25. Kb1 h5 26. a3 h4
27. Nf3 Qg2 28. Be3 h3 29. Ka2 g6 30. Qh1 Kg7 31. Qxg2 hxg2 32. Rg1 Rh8 33.
Rxg2 Raf8 34. Rh2 Rxh2 35. Nxh2 g5 36. Ng4 Kg6 37. Kb1 Kh5 38. Bd1 Kh4 39. Kc2
f6 40. exf6 Bxf6 41. Kd3 Be7 42. Ke4 Rf1 43. Be2 Rb1 44. Bf2+ Kh3 45. Kf5 c6
46. b4 Bd8 47. Bd3 Rd1 48. Be2 Rc1 1/2-1/2

[Event "DEM U10/U10w 2003"]
[Site "Willingen GER"]
[Date "2003.06.12"]
[Round "8"]
[White "Mohr, Fides"]
[Black "Wittke, René"]
[Result "0-1"]
[Termination "normal"]
[Board "14"]
[WhiteElo "1161"]
[BlackElo "1438"]
[PlyCount "72"]
[BlackFideId "24640255"]
[EventCountry "GER"]
[EventRounds "11"]
[EventType "swiss"]
[EventDate "2003.06.07"]

1. d4 d5 2. c4 e6 3. Nc3 Nf6 4. cxd5 exd5 5. Bg5 Be7 6. Nf3 O-O 7. e3 h6 8. Bh4
Bf5 9. Bd3 Bxd3 10. Qxd3 Nc6 11. O-O Re8 12. Rab1 Bd6 13. Bxf6 Qxf6 14. Nxd5
Qd8 15. Nc3 Ne7 16. b4 a5 17. b5 c6 18. bxc6 bxc6 19. Ne4 c5 20. Qc4 cxd4 21.
exd4 Rc8 22. Qe2 Ng6 23. g4 Qd7 24. Nfd2 Bf4 25. Nb3 Nh4 26. h3 h5 27. f3 f5
28. gxf5 Nxf5 29. Qd3 Qf7 30. Kf2 Be3+ 31. Ke2 Qc7 32. Rb2 Qh2+ 33. Nf2 Bxf2+
34. Kd1 Qxh3 35. Rfxf2 Qh1+ 36. Kd2 Qe1# 0-1

[Event "DEM U10/U10w 2003"]
[Site "Willingen GER"]
[Date "2003.06.12"]
[Round "8"]
[White "Friedrich, Wiede"]
[Black "Dorn, Carina"]
[Result "1-0"]
[Termination "normal"]
[Board "15"]
[WhiteElo "1431"]
[BlackElo "1124"]
[PlyCount "91"]
[WhiteFideId "24629537"]
[BlackFideId "24666335"]
[EventCountry "GER"]
[EventRounds "11"]
[EventType "swiss"]
[EventDate "2003.06.07"]

1. b4 d5 2. Bb2 e6 3. Nf3 Nf6 4. b5 Bd6 5. g3 Nbd7 6. Bg2 b6 7. O-O Bb7 8. d4
O-O 9. Nc3 Qe7 10. a3 Rfc8 11. e3 c6 12. Nd2 a6 13. bxc6 Rxc6 14. Ne2 Rac8 15.
c4 R6c7 16. Qa4 h6 17. Rfc1 Nb8 18. Rc3 Bc6 19. Qb3 Nbd7 20. Rac1 dxc4 21. Rxc4
Bb5 22. Rxc7 Rxc7 23. Rxc7 Bxc7 24. Nc3 Bd3 25. Na2 Bg6 26. Nb4 a5 27. Nc6 Qd6
28. Nc4 Qf8 29. a4 Ne4 30. Ba3 Qa8 31. Ne7+ Kh8 32. Nxg6+ fxg6 33. Qc2 Ndf6 34.
Nd2 Bd8 35. Nxe4 Qb8 36. Nxf6 gxf6 37. Qxg6 Qc7 38. Qxh6+ Kg8 39. Be4 Qf7 40.
Bh7+ Kh8 41. Bg6+ Kg8 42. Bxf7+ Kxf7 43. Qf8+ Kg6 44. g4 Bc7 45. Qg8+ Kh6 46.
Bf8# 1-0

[Event "DEM U10/U10w 2003"]
[Site "Willingen GER"]
[Date "2003.06.12"]
[Round "8"]
[White "Rösch, Daniel"]
[Black "Osmanodja, Bilgin"]
[Result "0-1"]
[Termination "normal"]
[Board "16"]
[WhiteElo "1093"]
[BlackElo "1330"]
[PlyCount "140"]
[EventCountry "GER"]
[EventRounds "11"]
[EventType "swiss"]
[EventDate "2003.06.07"]

1. e4 c5 2. c3 e6 3. d4 cxd4 4. cxd4 d6 5. Nf3 Nd7 6. Nc3 a6 7. Bf4 Qc7 8. Rc1
Qd8 9. Bd3 b5 10. a3 Bb7 11. O-O Nb6 12. Qe2 Ne7 13. Rfd1 Ng6 14. Be3 Be7 15.
Ne1 O-O 16. f3 d5 17. Qf2 Nc4 18. Bxc4 dxc4 19. d5 e5 20. Bc5 f5 21. Qe3 Bg5
22. Qe2 Bxc1 23. Bxf8 Bxb2 24. Bb4 Bxc3 25. Bxc3 fxe4 26. Qxe4 Qd6 27. Nc2 Rd8
28. Ne3 Qxa3 29. Bxe5 Nxe5 30. Qxe5 Qc5 31. Kf1 Qd6 32. Qg5 Qf6 33. Qxf6 gxf6
34. Ke2 Kf7 35. Rd2 f5 36. f4 c3 37. Rd1 b4 38. Nxf5 b3 39. Nd4 c2 40. Nxc2
bxc2 41. Rc1 Bxd5 42. Rxc2 Re8+ 43. Kf2 Be4 44. Rc7+ Re7 45. Rc5 Kf6 46. g3 Re6
47. Ra5 Bd3 48. Kg2 Bb5 49. Kf2 Re4 50. Ra3 Ra4 51. Rc3 Ra2+ 52. Kg1 a5 53. Rc5
Be8 54. Rc7 h5 55. Rc8 Bg6 56. Rc5 a4 57. Ra5 a3 58. Re5 Ra1+ 59. Kf2 a2 60.
Kf3 Rf1+ 61. Ke3 Re1+ 62. Kd4 a1=Q+ 63. Kc5 Rxe5+ 64. fxe5+ Kxe5 65. Kc4 Qd4+
66. Kb5 Kd5 67. h3 Qc5+ 68. Ka6 Qb4 69. g4 Kc6 70. gxh5 Qb6# 0-1

[Event "DEM U10/U10w 2003"]
[Site "Willingen GER"]
[Date "2003.06.12"]
[Round "8"]
[White "Kartsev, Alexandr"]
[Black "Noe, Christopher"]
[Result "1-0"]
[Termination "normal"]
[Board "17"]
[WhiteElo "1258"]
[BlackElo "1165"]
[PlyCount "69"]
[WhiteFideId "24647110"]
[BlackFideId "24692018"]
[EventCountry "GER"]
[EventRounds "11"]
[EventType "swiss"]
[EventDate "2003.06.07"]

1. d4 g6 2. h4 Bg7 3. h5 Nf6 4. h6 Bf8 5. Qd3 d5 6. Nc3 Bf5 7. Qb5+ Nbd7 8.
Nxd5 c6 9. Nxf6+ Nxf6 10. Qxb7 Rc8 11. c3 Rc7 12. Qb3 Be6 13. Qd1 c5 14. dxc5
Qxd1+ 15. Kxd1 Rxc5 16. f3 Nh5 17. Rh4 Ng3 18. Ke1 Bc4 19. Be3 Nf5 20. Bxc5
Nxh4 21. e4 Bxf1 22. Kxf1 g5 23. Bxa7 Bxh6 24. Rd1 O-O 25. a3 Ra8 26. Bc5 e6
27. g3 Ng6 28. Ra1 Ne5 29. Ke2 Rd8 30. Bd4 Nc6 31. Bf6 Rd6 32. Rd1 Rxd1 33.
Kxd1 e5 34. Nh3 Na5 35. g4 1-0

[Event "DEM U10/U10w 2003"]
[Site "Willingen GER"]
[Date "2003.06.12"]
[Round "8"]
[White "Kaphle, Sebastian"]
[Black "Braun, Viktoria"]
[Result "1/2-1/2"]
[Termination "normal"]
[Board "18"]
[WhiteElo "1201"]
[BlackElo "1088"]
[PlyCount "65"]
[WhiteFideId "24626708"]
[EventCountry "GER"]
[EventRounds "11"]
[EventType "swiss"]
[EventDate "2003.06.07"]

1. e4 d5 2. exd5 Qxd5 3. Nc3 Qa5 4. d4 c6 5. h3 Bf5 6. Bd2 Qc7 7. Nf3 Nd7 8.
Bc4 Ngf6 9. O-O e6 10. Re1 Be7 11. Rc1 O-O 12. Bb3 a5 13. a4 Rfe8 14. Ne5 Bd6
15. Bf4 Nd5 16. Nxd5 exd5 17. g4 Bxe5 18. dxe5 Be6 19. Re3 f6 20. Qe2 fxe5 21.
Bxe5 Nxe5 22. Rxe5 Qf7 23. Re1 Bd7 24. Rxe8+ Rxe8 25. Qd2 Rxe1+ 26. Qxe1 b6 27.
Qe2 Kf8 28. Qd3 h6 29. c4 dxc4 30. Bxc4 Qe7 31. Qf3+ Qf6 32. Qc3 c5 33. Bb5
1/2-1/2

[Event "DEM U10/U10w 2003"]
[Site "Willingen GER"]
[Date "2003.06.12"]
[Round "8"]
[White "Schäfer, Simon"]
[Black "Boos, Philipp"]
[Result "1/2-1/2"]
[Termination "normal"]
[Board "19"]
[WhiteElo "1059"]
[BlackElo "1414"]
[PlyCount "107"]
[EventCountry "GER"]
[EventRounds "11"]
[EventType "swiss"]
[EventDate "2003.06.07"]

1. d4 Nf6 2. c4 e6 3. Nc3 Bb4 4. e3 O-O 5. Bd2 c5 6. Nf3 b6 7. g3 Bb7 8. Bg2
cxd4 9. exd4 d5 10. cxd5 Nxd5 11. O-O Bxc3 12. Bxc3 Nxc3 13. bxc3 Nd7 14. Rb1
Rc8 15. Qd2 Qc7 16. Rfc1 Bd5 17. Qc2 Nf6 18. Nd2 Bxg2 19. Kxg2 Qc6+ 20. Kg1
Rfd8 21. Qb2 Rd7 22. Qb3 Rdc7 23. Rb2 Qd5 24. Qxd5 Nxd5 25. c4 a6 26. a4 a5 27.
Kg2 Nb4 28. Rb3 Rd8 29. Nf3 Rdc8 30. Nd2 Rd7 31. Nf3 Rdc7 32. Nd2 Rc6 33. f4
Rd6 34. Nf3 Rdc6 35. Nd2 R6c7 36. Kf3 Rd7 37. Ke3 Rcd8 38. Nf3 Nc6 39. Rd1 Nb4
40. Ne5 Rd6 41. h3 Nc2+ 42. Ke4 f5+ 43. Kf3 Nxd4+ 44. Rxd4 Rxd4 45. Rxb6 R4d6
46. Rb5 Ra6 47. g4 fxg4+ 48. hxg4 h6 49. Ke4 g5 50. fxg5 hxg5 51. Nf3 Rc8 52.
Rxg5+ Kf7 53. Ne5+ Kf6 54. Rg6+ 1/2-1/2

[Event "DEM U10/U10w 2003"]
[Site "Willingen GER"]
[Date "2003.06.12"]
[Round "8"]
[White "Specht, Christian"]
[Black "Gheng, Hannelore"]
[Result "1-0"]
[Termination "normal"]
[Board "20"]
[WhiteElo "1327"]
[BlackElo "1192"]
[PlyCount "73"]
[WhiteFideId "24647985"]
[EventCountry "GER"]
[EventRounds "11"]
[EventType "swiss"]
[EventDate "2003.06.07"]

1. e4 c5 2. Nf3 d6 3. d4 cxd4 4. Nxd4 Nf6 5. Nc3 g6 6. f3 Bg7 7. Be3 O-O 8. Qd2
Nc6 9. Bc4 Bd7 10. O-O-O Rc8 11. Bb3 Nxd4 12. Bxd4 a5 13. h4 h5 14. Be3 b5 15.
a3 b4 16. Ne2 bxa3 17. bxa3 a4 18. Ba2 Rb8 19. g3 Nxe4 20. Qd5 Bb2+ 21. Kb1
Bxa3+ 22. Ka1 Bb2+ 23. Kb1 Bg7+ 24. Kc1 Nc5 25. Bxc5 dxc5 26. Qxd7 Qb6 27. Qxa4
Qb2+ 28. Kd2 Rfd8+ 29. Ke3 Ra8 30. Rxd8+ Rxd8 31. Kf2 Bd4+ 32. Nxd4 Rxd4 33.
Qe8+ Kh7 34. Qxf7+ Kh6 35. Qf8+ Kh7 36. Qg8+ Kh6 37. Qh8# 1-0

[Event "DEM U10/U10w 2003"]
[Site "Willingen GER"]
[Date "2003.06.12"]
[Round "8"]
[White "Spangenberg, Pia"]
[Black "Berchtenbreiter, Maximilian"]
[Result "0-1"]
[Termination "normal"]
[Board "21"]
[WhiteElo "1089"]
[BlackElo "1282"]
[PlyCount "78"]
[WhiteFideId "4627989"]
[BlackFideId "24641120"]
[EventCountry "GER"]
[EventRounds "11"]
[EventType "swiss"]
[EventDate "2003.06.07"]

1. e4 c5 2. Nf3 e6 3. d4 cxd4 4. Nxd4 a6 5. Nc3 Qc7 6. Be2 b5 7. Be3 Bb7 8. f3
Nf6 9. O-O Be7 10. Qd2 O-O 11. a3 d6 12. Bg5 Qc5 13. Be3 Qc7 14. b3 Rc8 15. Na2
d5 16. exd5 Nxd5 17. Bg5 Bc5 18. b4 Bb6 19. Kh1 Nd7 20. Rac1 f6 21. Bh4 Qf4 22.
Qxf4 Nxf4 23. Bg3 Rd8 24. Bxf4 Bxd4 25. c3 Be5 26. Bxe5 Nxe5 27. Rfd1 Bd5 28.
f4 Nc4 29. Bxc4 Bxc4 30. Re1 Bxa2 31. Ra1 Bc4 32. g3 Rac8 33. Kg1 Kf7 34. Kf2
Kg6 35. g4 h5 36. h3 Rd2+ 37. Kg3 hxg4 38. hxg4 Rd3+ 39. Kh4 Rh8# 0-1

[Event "DEM U10/U10w 2003"]
[Site "Willingen GER"]
[Date "2003.06.12"]
[Round "8"]
[White "Wallenborn, Michael"]
[Black "Pantusenko, Valeria"]
[Result "0-1"]
[Termination "normal"]
[Board "22"]
[WhiteElo "1243"]
[BlackElo "1170"]
[PlyCount "106"]
[BlackFideId "4662920"]
[EventCountry "GER"]
[EventRounds "11"]
[EventType "swiss"]
[EventDate "2003.06.07"]

1. e4 e5 2. d4 exd4 3. Qxd4 Nc6 4. Qe3 b6 5. Nc3 Bc5 6. Qf3 Bb7 7. Bc4 Ne5 8.
Qe2 Nxc4 9. Qxc4 Qe7 10. Bd2 Qe6 11. Qxe6+ dxe6 12. f3 O-O-O 13. O-O-O Ne7 14.
Nge2 e5 15. Na4 Bd6 16. Rhe1 Ba6 17. Nac3 Bc5 18. f4 exf4 19. Bxf4 Ng6 20. Bg3
Be3+ 21. Kb1 Rd2 22. Rxd2 Bxd2 23. Rd1 Rd8 24. Nd5 Bg5 25. Re1 Rd7 26. a3 Bc4
27. Nec3 c6 28. Ne3 Be6 29. h3 Rd2 30. Kc1 Bxe3 31. Rxe3 Rxg2 32. e5 Bxh3 33.
Ne4 Rg1+ 34. Kd2 Rg2+ 35. Kd3 Bf5 36. Be1 Nxe5+ 37. Kd4 Bxe4 38. Rxe4 Nf3+ 39.
Kd3 Nxe1+ 40. Rxe1 Kd7 41. Rf1 f6 42. b4 Rg3+ 43. Kd4 Rxa3 44. Rd1 Ke7 45. Re1+
Kf7 46. c4 g5 47. Rh1 Kg6 48. c5 b5 49. Re1 g4 50. Rg1 g3 51. Ke4 Kg5 52. Rg2
h5 53. Rg1 h4 0-1

[Event "DEM U10/U10w 2003"]
[Site "Willingen GER"]
[Date "2003.06.12"]
[Round "8"]
[White "Dünzel, Jonas"]
[Black "Kammrad, Caroline"]
[Result "1-0"]
[Termination "normal"]
[Board "23"]
[WhiteElo "1230"]
[BlackElo "1086"]
[PlyCount "137"]
[WhiteFideId "24631167"]
[EventCountry "GER"]
[EventRounds "11"]
[EventType "swiss"]
[EventDate "2003.06.07"]

1. e4 e5 2. Nf3 Nc6 3. Bc4 Bc5 4. Nc3 Nf6 5. d3 h6 6. Be3 Bb6 7. Qd2 d6 8. Nd5
Be6 9. Nxb6 axb6 10. Bxe6 fxe6 11. a3 d5 12. exd5 exd5 13. d4 exd4 14. Bxd4
Qe7+ 15. Qe3 Qxe3+ 16. Bxe3 O-O 17. O-O-O Ne7 18. h3 Ne4 19. Rhf1 c5 20. c3
Rad8 21. Ne5 Rd6 22. f4 Nf5 23. Bf2 Nxf2 24. Rxf2 Ne3 25. Rd3 Nf5 26. g4 Ne7
27. f5 g6 28. Rdf3 Kg7 29. h4 gxf5 30. gxf5 Nc6 31. Rg2+ Kh7 32. Ng4 h5 33. Ne3
d4 34. Nc4 Rdf6 35. Rg5 Ne7 36. Rxh5+ Kg7 37. Rg3+ Kf7 38. Rh7+ Ke8 39. Rg5
Nxf5 40. Rxf5 Rxf5 41. Nd6+ Kd8 42. Nxf5 Rxf5 43. cxd4 cxd4 44. Rxb7 b5 45. Rb6
Kc7 46. Re6 Rd5 47. Re4 d3 48. Kd2 Kc6 49. b4 Rf5 50. Kxd3 Rf3+ 51. Re3 Rxe3+
52. Kxe3 Kd6 53. Kd4 Ke6 54. Kc5 Kf5 55. Kxb5 Kg4 56. h5 Kxh5 57. Kc6 Kg6 58.
b5 Kf5 59. b6 Ke4 60. b7 Kd4 61. b8=Q Ke4 62. Qd8 Ke5 63. Qe8+ Kf4 64. Qe6 Kf3
65. Kd5 Kf2 66. Kd4 Kf1 67. Qa2 Ke1 68. Ke3 Kd1 69. Qd2# 1-0

[Event "DEM U10/U10w 2003"]
[Site "Willingen GER"]
[Date "2003.06.12"]
[Round "8"]
[White "Salzmann, Tim"]
[Black "Wapenhans, Martin"]
[Result "0-1"]
[Termination "normal"]
[Board "27"]
[WhiteElo "932"]
[BlackElo "1288"]
[PlyCount "90"]
[EventCountry "GER"]
[EventRounds "11"]
[EventType "swiss"]
[EventDate "2003.06.07"]

1. e4 c5 2. Nf3 Nc6 3. d4 cxd4 4. Nxd4 Nf6 5. e5 Qa5+ 6. c3 Qxe5+ 7. Be3 Qa5 8.
Nxc6 bxc6 9. Bd3 g6 10. O-O Bg7 11. b4 Qc7 12. Nd2 O-O 13. Qc2 Bb7 14. c4 Ng4
15. g3 Nxe3 16. fxe3 Bxa1 17. Rxa1 Rac8 18. Ne4 d5 19. Ng5 h6 20. Nf3 a6 21. c5
Kh7 22. a4 e5 23. e4 Rcd8 24. exd5 cxd5 25. Nh4 e4 26. Be2 d4 27. Bc4 g5 28.
Ng2 Qe5 29. Rd1 Bd5 30. Bf1 Kg7 31. Qb2 f6 32. Re1 d3 33. Qxe5 fxe5 34. Ne3 Bb3
35. g4 d2 36. Nf5+ Kh7 37. Rd1 Bxd1 38. Ne3 Bxg4 39. Kg2 Rf3 40. Nd1 Rxf1 41.
Kxf1 Bxd1 42. c6 Bxa4 43. c7 d1=Q+ 44. Kf2 Qf3+ 45. Ke1 Rd1# 0-1

[Event "DEM U10/U10w 2003"]
[Site "Willingen GER"]
[Date "2003.06.12"]
[Round "8"]
[White "Matschewsky, Justus"]
[Black "Döll, Laurien"]
[Result "1/2-1/2"]
[Termination "normal"]
[Board "29"]
[WhiteElo "880"]
[BlackElo "1155"]
[PlyCount "28"]
[WhiteFideId "24678708"]
[EventCountry "GER"]
[EventRounds "11"]
[EventType "swiss"]
[EventDate "2003.06.07"]

1. e4 e5 2. Nf3 Nc6 3. Bc4 Be7 4. c3 Nf6 5. d4 exd4 6. cxd4 Nxe4 7. O-O Nf6 8.
Nc3 O-O 9. Re1 Re8 10. Bg5 d6 11. Qd2 Bg4 12. Re3 Bf5 13. Rae1 Qd7 14. Qe2 Kf8
1/2-1/2

[Event "DEM U10/U10w 2003"]
[Site "Willingen GER"]
[Date "2003.06.12"]
[Round "8"]
[White "Begeluri, Nino"]
[Black "Muschak, Theresia"]
[Result "1-0"]
[Termination "normal"]
[Board "30"]
[WhiteElo "1152"]
[BlackElo "860"]
[PlyCount "79"]
[EventCountry "GER"]
[EventRounds "11"]
[EventType "swiss"]
[EventDate "2003.06.07"]

1. e4 e5 2. Nf3 Nc6 3. Bc4 Bc5 4. Nc3 Nf6 5. d3 h6 6. O-O d6 7. h3 O-O 8. Be3
Bxe3 9. fxe3 Be6 10. Bb3 Bxb3 11. axb3 b6 12. d4 a5 13. d5 Ne7 14. Qd3 c6 15.
dxc6 Nxc6 16. Nd5 Re8 17. Nxf6+ Qxf6 18. Nd4 Nb4 19. Rxf6 Nxd3 20. Rxd6 exd4
21. cxd3 dxe3 22. Re1 Reb8 23. Rxe3 a4 24. bxa4 Rxa4 25. Kf2 Ra2 26. Re2 b5 27.
b4 Ra4 28. Rb2 Rc8 29. Ke3 Rc3 30. Kd4 Rc7 31. e5 Re7 32. Kd5 f6 33. e6 Raa7
34. Rd8+ Kh7 35. Kd6 Ra6+ 36. Kxe7 Ra3 37. Kf7 Rc3 38. e7 Rc7 39. Kf8 Rxe7 40.
Kxe7 1-0

[Event "DEM U10/U10w 2003"]
[Site "Willingen GER"]
[Date "2003.06.12"]
[Round "8"]
[White "Mirke, Roy"]
[Black "Schätz, Annika"]
[Result "1-0"]
[Termination "normal"]
[Board "32"]
[WhiteElo "855"]
[BlackElo "1037"]
[PlyCount "61"]
[WhiteFideId "24647306"]
[BlackFideId "24674796"]
[EventCountry "GER"]
[EventRounds "11"]
[EventType "swiss"]
[EventDate "2003.06.07"]

1. e4 c5 2. c3 d6 3. d4 cxd4 4. cxd4 Nf6 5. Bd3 g6 6. Be3 Bg7 7. Ne2 O-O 8.
Nbc3 Nc6 9. b3 Bd7 10. Qd2 Re8 11. O-O Rc8 12. f4 Nb4 13. Bb1 Qa5 14. Nd5 Nc6
15. b4 Qd8 16. b5 Na5 17. Ndc3 Nc4 18. Qc1 Nxe3 19. Qxe3 a6 20. bxa6 bxa6 21.
e5 dxe5 22. fxe5 Nh5 23. g4 Qc7 24. gxh5 Bc6 25. hxg6 hxg6 26. Qd3 a5 27. Nf4
Bb7 28. Nxg6 Qc6 29. Nf4 Qxc3 30. Qh7+ Kf8 31. Ng6# 1-0

[Event "DEM U10/U10w 2003"]
[Site "Willingen GER"]
[Date "2003.06.12"]
[Round "8"]
[White "Thiele, Eileen"]
[Black "Khitov, Roman"]
[Result "1-0"]
[Termination "normal"]
[Board "33"]
[WhiteElo "695"]
[BlackElo "948"]
[PlyCount "57"]
[EventCountry "GER"]
[EventRounds "11"]
[EventType "swiss"]
[EventDate "2003.06.07"]

1. e4 d5 2. exd5 Nf6 3. d4 Nxd5 4. Nf3 Bg4 5. Be2 e6 6. c4 Nf6 7. Be3 Nc6 8.
Nc3 Bb4 9. a3 Bxc3+ 10. bxc3 Qe7 11. h3 Bh5 12. Ne5 Bxe2 13. Qxe2 Nxe5 14. dxe5
Nd7 15. Bd4 c5 16. Be3 Nxe5 17. Bh6 Qf6 18. O-O gxh6 19. Qe3 b6 20. Qe4 O-O 21.
Rfe1 Ng6 22. Rac1 Qg5 23. Re3 Qf4 24. Qd3 Ne5 25. Rg3+ Kh8 26. Qe2 Nxc4 27. Rg4
Qxc1+ 28. Kh2 Nxa3 29. Qe5+ 1-0

[Event "DEM U10/U10w 2003"]
[Site "Willingen GER"]
[Date "2003.06.12"]
[Round "8"]
[White "Baisakow, Christine"]
[Black "Oat, Daniela"]
[Result "0-1"]
[Termination "normal"]
[Board "35"]
[WhiteElo "1060"]
[BlackElo "850"]
[PlyCount "68"]
[WhiteFideId "24680052"]
[EventCountry "GER"]
[EventRounds "11"]
[EventType "swiss"]
[EventDate "2003.06.07"]

1. e4 e5 2. Nf3 Nc6 3. Bc4 Bc5 4. c3 Nf6 5. d3 d6 6. O-O Bg4 7. Be3 O-O 8. Nbd2
Be6 9. Bb3 Ng4 10. Bxc5 dxc5 11. Bxe6 fxe6 12. Nb3 Qf6 13. d4 exd4 14. cxd4
cxd4 15. Nbxd4 Nxd4 16. Nxd4 Qf4 17. g3 Qh6 18. Qxg4 Rf6 19. e5 Rg6 20. Qf3 Rf8
21. Qb3 Qh3 22. Nf3 Rh6 23. Nh4 Rf5 24. Rfd1 Rg5 25. Qxb7 Rxh4 26. Qxc7 Qxh2+
27. Kf1 Qh1+ 28. Ke2 Re4+ 29. Kd2 Rd4+ 30. Kc2 Qe4+ 31. Kc3 Rg4 32. Qe7 Qc6+
33. Kb3 Qb5+ 34. Ka3 Qa4# 0-1

[Event "DEM U10/U10w 2003"]
[Site "Willingen GER"]
[Date "2003.06.12"]
[Round "8"]
[White "Stitterich, Nadine"]
[Black "Rosenburg, Thies"]
[Result "0-1"]
[Termination "normal"]
[Board "36"]
[WhiteElo "890"]
[BlackElo "1052"]
[PlyCount "154"]
[WhiteFideId "24676527"]
[EventCountry "GER"]
[EventRounds "11"]
[EventType "swiss"]
[EventDate "2003.06.07"]

1. e4 e5 2. Nf3 Nc6 3. Bb5 d6 4. Nc3 a6 5. Ba4 Bd7 6. O-O Nf6 7. d3 h6 8. Bd2
Be7 9. Re1 O-O 10. h3 Nh7 11. Nd5 b5 12. Bb3 Be6 13. Nxe7+ Nxe7 14. Bxe6 fxe6
15. d4 Nc6 16. dxe5 dxe5 17. Bc3 Qd6 18. Qxd6 cxd6 19. Red1 Rad8 20. Rd2 b4 21.
Bxe5 dxe5 22. Rxd8 Rxd8 23. Rc1 Nd4 24. Nxd4 exd4 25. Rd1 e5 26. c3 bxc3 27.
bxc3 d3 28. c4 Rd4 29. f3 Rxc4 30. Rxd3 Rc6 31. Rd5 Re6 32. Rd8+ Kf7 33. Rd7+
Kg6 34. Kf2 Nf6 35. Rc7 h5 36. g4 hxg4 37. hxg4 Kh6 38. Kg3 Ne8 39. Rc1 Nd6 40.
Rh1+ Kg6 41. Re1 Kg5 42. a4 Nb7 43. Rd1 Nc5 44. a5 Nb7 45. Rd7 Nxa5 46. Rxg7+
Kf6 47. Rh7 Kg6 48. Rh5 Nc4 49. f4 exf4+ 50. Kxf4 a5 51. Rh1 a4 52. Ra1 a3 53.
Ra2 Rb6 54. g5 Rb2 55. Ra1 a2 56. e5 Nd2 57. e6 Nb3 58. Rxa2 Rxa2 59. Ke5 Ra5+
60. Kd6 Nd4 61. e7 Nf5+ 62. Ke6 Nxe7 63. Kxe7 Kxg5 64. Kd6 Kf6 65. Kc6 Ke6 66.
Kb6 Rd5 67. Kc6 Ke5 68. Kc7 Rd6 69. Kb7 Kd5 70. Kc7 Ke6 71. Kb7 Kd7 72. Kb8 Rc6
73. Kb7 Rd6 74. Kb8 Kc6 75. Kc8 Re6 76. Kd8 Re5 77. Kc8 Re8# 0-1

[Event "DEM U10/U10w 2003"]
[Site "Willingen GER"]
[Date "2003.06.13"]
[Round "9"]
[White "Schäfer, Alexander"]
[Black "Zelbel, Patrick"]
[Result "0-1"]
[Termination "normal"]
[Board "1"]
[WhiteElo "1646"]
[BlackElo "1595"]
[PlyCount "116"]
[WhiteFideId "24615196"]
[BlackFideId "24624322"]
[EventCountry "GER"]
[EventRounds "11"]
[EventType "swiss"]
[EventDate "2003.06.07"]

1. d4 d5 2. c4 c6 3. Nf3 Nf6 4. cxd5 cxd5 5. Nc3 Bf5 6. Bf4 Nc6 7. e3 Qa5 8.
Bb5 Ne4 9. Qa4 Qxa4 10. Bxa4 Nxc3 11. bxc3 Bd7 12. Rb1 Na5 13. Bxd7+ Kxd7 14.
Rb5 b6 15. Ne5+ Ke6 16. c4 Nxc4 17. Nxc4 dxc4 18. Re5+ Kd7 19. Kd2 f6 20. Rb5
Kc6 21. Rhb1 Rc8 22. Kc3 Kd7 23. a4 h5 24. h4 e6 25. a5 bxa5 26. Rxa5 Bd6 27.
Rxa7+ Rc7 28. Rxc7+ Kxc7 29. Bxd6+ Kxd6 30. Kxc4 Kc6 31. Rb5 g6 32. d5+ exd5+
33. Rxd5 Ra8 34. Rd2 Ra4+ 35. Kd3 Rxh4 36. Ke2 Kc7 37. Rd4 Rxd4 38. exd4 Kd6
39. Ke3 Kd5 40. Kd3 g5 41. Ke3 f5 42. f4 g4 43. g3 Kc4 44. d5 Kxd5 45. Kd3 Kc5
46. Ke3 Kc4 47. Ke2 Kc5 48. Ke3 Kd5 49. Kd3 Kc5 50. Ke3 Kc4 51. Ke2 Kd4 52. Kd2
Ke4 53. Ke2 h4 54. gxh4 Kxf4 55. Kf2 Ke5 56. Kg3 Kf6 57. Kf2 Kg6 58. Kg2 f4 0-1

[Event "DEM U10/U10w 2003"]
[Site "Willingen GER"]
[Date "2003.06.13"]
[Round "9"]
[White "Mihok, Oliver"]
[Black "Giesler, Julius"]
[Result "1/2-1/2"]
[Termination "normal"]
[Board "2"]
[WhiteElo "1913"]
[BlackElo "1243"]
[PlyCount "44"]
[WhiteFideId "728012"]
[EventCountry "GER"]
[EventRounds "11"]
[EventType "swiss"]
[EventDate "2003.06.07"]

1. e4 c5 2. Nf3 Nc6 3. d4 cxd4 4. Nxd4 Nf6 5. Nc3 e5 6. Ndb5 d6 7. Bg5 a6 8.
Na3 b5 9. Nd5 Be7 10. Bxf6 Bxf6 11. c3 O-O 12. Nc2 Bg5 13. a4 bxa4 14. Rxa4 a5
15. Bc4 Bd7 16. Ra2 Ne7 17. O-O Rc8 18. Qe2 Rc5 19. b4 Nxd5 20. Bxd5 axb4 21.
cxb4 Bb5 22. Qd1 Rc3 1/2-1/2

[Event "DEM U10/U10w 2003"]
[Site "Willingen GER"]
[Date "2003.06.13"]
[Round "9"]
[White "Billing, Alexander"]
[Black "Graf, Felix"]
[Result "0-1"]
[Termination "normal"]
[Board "3"]
[WhiteElo "1333"]
[BlackElo "1805"]
[PlyCount "54"]
[WhiteFideId "24624420"]
[BlackFideId "24608904"]
[EventCountry "GER"]
[EventRounds "11"]
[EventType "swiss"]
[EventDate "2003.06.07"]

1. e4 e6 2. d3 d5 3. Nd2 Nf6 4. Ngf3 b6 5. e5 Nfd7 6. d4 c5 7. c3 Ba6 8. Bxa6
Nxa6 9. O-O Be7 10. Re1 O-O 11. Nf1 Rc8 12. Qa4 Nc7 13. Qxa7 Ra8 14. Qb7 Nb5
15. a4 Ra7 16. Qc6 Ra5 17. Qxb5 Rxb5 18. axb5 Qc7 19. Bg5 Bxg5 20. Nxg5 Qb7 21.
Re3 h6 22. Nh3 Ra8 23. Rae1 Ra2 24. R1e2 Nf8 25. Rg3 Qd7 26. Rg4 Qxb5 27. Re3
Ra1 0-1

[Event "DEM U10/U10w 2003"]
[Site "Willingen GER"]
[Date "2003.06.13"]
[Round "9"]
[White "Jussupow, Alexander"]
[Black "Lobmeyer, Fabian"]
[Result "1/2-1/2"]
[Termination "normal"]
[Board "4"]
[WhiteElo "1605"]
[BlackElo "1316"]
[PlyCount "70"]
[WhiteFideId "24613509"]
[BlackFideId "24659681"]
[EventCountry "GER"]
[EventRounds "11"]
[EventType "swiss"]
[EventDate "2003.06.07"]

1. d4 Nf6 2. Nf3 e6 3. e3 d5 4. Bd3 Bd6 5. Nbd2 O-O 6. O-O Nbd7 7. b3 c5 8. Bb2
b6 9. c4 Bb7 10. Qc2 Qc7 11. h3 h6 12. e4 dxe4 13. Nxe4 Nxe4 14. Bxe4 Bxe4 15.
Qxe4 Nf6 16. Qc2 Nd7 17. Qc3 Nf6 18. dxc5 Qxc5 19. Rad1 Rad8 20. Qc1 Be7 21.
Bd4 Qf5 22. Qc3 Rd6 23. Be5 Rxd1 24. Rxd1 Rd8 25. Rxd8+ Bxd8 26. Qd4 Be7 27.
Kh2 Bc5 28. Qd8+ Kh7 29. Qd2 Ne4 30. Qb2 f6 31. Bd4 Bxd4 32. Qxd4 Qf4+ 33. Kh1
Qc1+ 34. Kh2 Qf4+ 35. Kh1 Qc1+ 1/2-1/2